| 000 | 00538nam a22002057a 4500 | ||
|---|---|---|---|
| 001 | 0007844 | ||
| 003 | DO-SdBNP | ||
| 005 | 20160620151504.0 | ||
| 007 | 0007844 | ||
| 008 | 160620b 2005 nyu xxu||||| |||| 00| 0 spa d | ||
| 020 | _a0153244852 | ||
| 040 |
_aBPMSU _bspa _cBPMSU |
||
| 092 |
_axxxx _bxxxx |
||
| 245 | 0 | 0 | _aHarcourt science |
| 260 |
_aOrlando : _b Harcourt School Publishers, _c2005. |
||
| 300 |
_av. _bil ; _c28 cm. |
||
| 505 | _tTake-home books -- | ||
| 942 |
_2ddc _cBK |
||
| 956 |
_2LOPEREZ _310 _620160620 _8BPMSU _a00041 |
||
| 999 |
_c10450 _d10450 |
||